| 000 | 00652nam a22002052 4500 | ||
|---|---|---|---|
| 001 | 0000019496 | ||
| 005 | 20151217154433.0 | ||
| 008 | 101221s xx 000 0 eng d | ||
| 020 | _a0421738409 : | ||
| 040 |
_aKABU _cKABU |
||
| 100 | 1 |
_aUglow, Steve. _@0000179205 |
|
| 245 | 1 | 0 |
_aCriminal justice / _cSteve Uglow with Lisa Dickson, Deborah Cheney and Katherine Doolin. |
| 250 | _a1st ed. | ||
| 260 |
_aLondon : _bSweet & Maxwell, _c2002. |
||
| 300 | _axxxiii, 474 p. | ||
| 650 | 0 |
_aCriminal procedure _zGreat Britain. _@0000177808 |
|
| 852 | 1 | _9p3640 KES | |
| 908 | _a101221 | ||
| 950 | _@1 | ||
| 999 |
_c11244 _d11244 |
||